000 00471nam a2200181Ia 4500
003 GCL
008 140319s9999 xx 000 0 eng d
040 _aGCL /
_cGCL
082 0 4 _a820.9
_bB P
100 1 _aBROWN, MARSHALL
245 1 0 _aPREROMANTICISM /
_cBROWN, MARSHALL
260 _a[S.N] :
_bSTANFORD UNIVERSITY PRESS ،
_c1991
300 _a500 P
650 0 4 _aENGLISH LITERATURE
650 0 4 _aHISTORY AND CRITICISM
650 0 4 _aROMANTICISM
942 _2ddc
_cBK
999 _c24977
_d24977